Más temas de derecho público de interés para las Fuerzas Armadas (Registro nro. 24069)
[ vista simple ]
| 000 -LEADER | |
|---|---|
| fixed length control field | 00388 a2200121 4500 |
| 001 - CONTROL NUMBER | |
| control field | ART_32730 |
| 005 - DATE AND TIME OF LATEST TRANSACTION | |
| control field | 20260410161841.0 |
| 008 - FIXED-LENGTH DATA ELEMENTS--GENERAL INFORMATION | |
| fixed length control field | 260409a |
| 100 1# - MAIN ENTRY--PERSONAL NAME | |
| Personal name | Torres, Ismael F. |
| 245 10 - TITLE STATEMENT | |
| Title | Más temas de derecho público de interés para las Fuerzas Armadas |
| 700 1# - ADDED ENTRY--PERSONAL NAME | |
| Personal name | Furia de Torres, Lilian Alicia G. |
| 773 0# - HOST ITEM ENTRY | |
| Title | RAP |
| Related parts | - Año 37, Nº 442 (jul. 2015) |
| Record control number | REV5941 |
No hay ítems disponibles.